000 00765nam a22001817a 4500
003 NUST
040 _a0
082 _a621.382,AHM
100 _aAhmad, Muhammad
_918257
245 _aAircraft Detection and Classification using Satellite Imagery (ADCSI) /
_cMuhammad Ahmad, Muhammad Safiullah, Umair Amin, Talha Tariq. (TCC-31 / BETE-56)
264 _aRawalpindi
_b MCS (NUST0
_c2023
300 _a107 p.;
505 _aIntroduction (Page-1), Literature Review (Page-10), Datasets (Page-18), Training AI Models (Page-31), GUIs (Page-46), Conclusion (Page-66), Future Work (Page-670, References (Page-68).
650 _aUG EE Project
_9118090
690 _aTCC-31 / BETE-56
_9118237
700 _aSupervised by Dr. Hasnat Khurshid
_9132581
942 _2ddc
_cPR
999 _c603274
_d603274